000 00381nam a2200145Ia 4500
008 231129s1999||||xx |||||||||||||| ||spa||
020 _a84-493-0023-1
040 _bspa
082 _a 707 G226e
100 _aGardner Howard
245 0 _aEducación artí­stica y desarrollo humano
260 _c1999
264 _aPaidos
942 _2ddc
_cBKS
999 _c9973
_d9973